[Event "Titled Tuesday intern op 21st May Late"]
[Site "Chess.com INT"]
[Date "2024.05.21"]
[Round "3"]
[White "Smieszek, Wojciech"]
[Black "Makridis, Dimitrios"]
[Result "0-1"]
[WhiteElo "2110"]
[BlackElo "2328"]
[PlyCount "52"]
[EventDate "2024.05.21"]
[EventType "swiss (blitz)"]
[EventRounds "11"]
[EventCountry "USA"]
[SourceTitle "CBM 220 Extra"]
[Source "ChessBase"]
[SourceDate "2024.07.31"]
[SourceVersion "1"]
[SourceVersionDate "2024.07.31"]
[SourceQuality "1"]

1. e4 c5 2. Nf3 d6 3. d4 cxd4 4. Nxd4 Nf6 5. Nc3 a6 6. Be3 e5 7. Nb3 Be6 8. Qd2 Nbd7 9. 0-0-0 Rc8 10. f4 b5 11. f5 Bc4 12. g4 b4 13. Nd5 Nxd5 14. exd5 Qc7 15. Bxc4 Qxc4 16. Kb1 Qb5 17. Rhe1 a5 18. g5 a4 19. Nd4 exd4 20. Bxd4+ Kd8 21. Re4 b3 22. cxb3 axb3 23. Bc3 bxa2+ 24. Ka1 Nc5 25. Rb4 Qxb4 26. Qe3 Qa4 0-1

[Event "Titled Tuesday intern op 02nd Jan Late"]
[Site "Chess.com INT"]
[Date "2024.01.02"]
[Round "5"]
[White "Makridis, Dimitrios"]
[Black "Tifferet, Shaked"]
[Result "1-0"]
[WhiteElo "2328"]
[BlackElo "2334"]
[PlyCount "63"]
[EventDate "2024.01.02"]
[EventType "swiss (blitz)"]
[EventRounds "11"]
[EventCountry "USA"]
[SourceTitle "EXT 2025"]
[Source "ChessBase"]
[SourceDate "2024.10.14"]
[SourceVersion "1"]
[SourceVersionDate "2024.10.14"]
[SourceQuality "1"]

1. e4 c5 2. Nf3 e6 3. d4 cxd4 4. Nxd4 Nc6 5. Nc3 a6 6. g3 Nge7 7. Bg2 Nxd4 8. Qxd4 Nc6 9. Qe3 b5 10. 0-0 Bb7 11. Nd5 Rc8 12. Re1 d6 13. a4 exd5 14. exd5+ Ne7 15. axb5 axb5 16. Ra7 Rc7 17. Qb6 Qc8 18. Qxd6 Rd7 19. Qe5 f6 20. Qe6 Kd8 21. d6 Bxg2 22. dxe7+ Bxe7 23. Rxd7+ Qxd7 24. Qb6+ Kc8 25. Kxg2 Qd5+ 26. Kg1 Bc5 27. Qa6+ Qb7 28. Qe6+ Qd7 29. Qe4 Qb7 30. Qf5+ Kb8 31. Qxc5 Rc8 32. Bf4+ 1-0

[Event "Titled Tuesday intern op 26th Dec Late"]
[Site "Chess.com INT"]
[Date "2023.12.26"]
[Round "2"]
[White "Makaraci, Tunahan"]
[Black "Makridis, Dimitrios"]
[Result "0-1"]
[WhiteElo "2238"]
[BlackElo "2328"]
[PlyCount "226"]
[EventDate "2023.12.26"]
[EventType "swiss (blitz)"]
[EventRounds "11"]
[EventCountry "USA"]
[SourceTitle "EXT 2025"]
[Source "ChessBase"]
[SourceDate "2024.10.14"]
[SourceVersion "1"]
[SourceVersionDate "2024.10.14"]
[SourceQuality "1"]

1. e4 c5 2. c3 Nf6 3. e5 Nd5 4. Nf3 Nc6 5. Bc4 e6 6. d4 cxd4 7. cxd4 d6 8. 0-0 Be7 9. Qe2 0-0 10. Re1 Na5 11. Bd3 Nb4 12. Be4 d5 13. Bd3 Nxd3 14. Qxd3 Bd7 15. Nc3 Rc8 16. g3 Nc4 17. h4 h6 18. a4 Na5 19. Bf4 a6 20. Kg2 Nc4 21. Bc1 f6 22. b3 fxe5 23. bxc4 e4 24. Nxe4 dxe4 25. Qxe4 Rxc4 26. Ne5 Bc6 27. Nxc6 Rxc6 28. d5 Rd6 29. dxe6 Qe8 30. Qxb7 Rd3 31. Re3 Rd1 32. Bb2 Rd2 33. Rf1 a5 34. Ba3 Bxa3 35. Rxa3 Qxe6 36. Kg1 Kh8 37. Re3 Qf6 38. Qe7 Qf5 39. Qe4 Qf7 40. Qg2 Qc4 41. Rfe1 Qxa4 42. Re4 Qd7 43. R4e2 Rxe2 44. Rxe2 Qd1+ 45. Qf1 Qd4 46. Qe1 a4 47. Re8 Rxe8 48. Qxe8+ Kh7 49. Qb5 a3 50. Qb1+ Kg8 51. Kg2 Qd5+ 52. Kh2 a2 53. Qb8+ Kf7 54. Qb2 Qa5 55. Qb3+ Ke7 56. Qe3+ Kd6 57. Qd4+ Kc6 58. Qc4+ Kb6 59. Qd4+ Kb7 60. Qe4+ Kc7 61. Qf4+ Kc6 62. Qe4+ Qd5 63. Qe8+ Kc5 64. Qe3+ Kb4 65. Qb6+ Ka3 66. Qa6+ Kb2 67. Qe2+ Kb1 68. Qe1+ Kc2 69. Qe2+ Qd2 70. Qc4+ Kd1 71. Qf1+ Kc2 72. Qc4+ Kb2 73. Qb5+ Kc1 74. Qc4+ Kb1 75. Qb3+ Ka1 76. Qb5 Qxf2+ 77. Kh3 Qc2 78. Qf1+ Kb2 79. Qb5+ Kc3 80. Qe5+ Kd3 81. Qf5+ Kd2 82. Qf2+ Kc3 83. Qc5+ Kb3 84. Qb5+ Ka3 85. Qa5+ Kb2 86. Qb4+ Qb3 87. Qd2+ Kb1 88. Qe1+ Kc2 89. Qe2+ Kc3 90. Qe3+ Kb4 91. Qd4+ Qc4 92. Qb2+ Kc5 93. Qe5+ Qd5 94. Qc3+ Kd6 95. Qb4+ Ke5 96. Qc3+ Kf5 97. Qc2+ Kf6 98. Qc3+ Kf7 99. Qb2 Qe6+ 100. Kh2 g5 101. hxg5 hxg5 102. Qf2+ Kg7 103. Qb2+ Kg6 104. Qc2+ Kh6 105. Qb2 Qa6 106. Qh8+ Kg6 107. Qg8+ Kf5 108. Qf7+ Ke4 109. Qe7+ Kd4 110. Qb4+ Qc4 111. Qd2+ Ke4 112. Qe1+ Kf3 113. Qd1+ Qe2+ 0-1